000 01025naa a22003017a 4500
001 BR9510443
003 BR-BrBNA
005 20240918181825.0
007 ta
008 230509b bl.||||| |||| 00| 0 por d
040 _aBR-BrBNA
_bpor
_cBiblioteca Nacional de Agricultura
041 _a(Pt)
072 _aL53
_b5212
090 _aL53 BR9510443
100 1 _aLobo, R.B.
100 1 _aMenck, M.C.L.R.
100 1 _aWatanabe, Y.F.
100 1 _aPeripato, A.C.
111 1 _a1. Congresso Brasileiro das Racas Zebuinas
_cUberaba, MG (Brazil)
_d23-26 Oct 1994
245 1 _aFecundacao in vitro em bovinos
260 3 _aUberaba, MG (Brasil):
_c1994.
500 _aAnais do 1. Congresso Brasileiro das Racas Zebuinas Uberaba, MG (Brasil): 1994. p. 154-156 (BR9510443-AM)L53
650 _aBovino
650 _aFecundacao Animal
773 0 _tAnais do 1. Congresso Brasileiro das Racas Zebuinas
_wL53 BR9510443
_gUberaba, MG (Brasil), 1994. p. 154-156
909 _a202404
_bLucia
_c55
_dLucia Elande
942 _cAM
_2AGRIS
999 _c327025
_d327025